Matemática moderna (Registro nro. 8116)

Detalles MARC
000 -LEADER
fixed length control field 01389 a2200229 4500
001 - CONTROL NUMBER
control field 63317
005 - DATE AND TIME OF LATEST TRANSACTION
control field 20260407155930.0
008 - FIXED-LENGTH DATA ELEMENTS--GENERAL INFORMATION
fixed length control field 260407a1969 arg spa d
003 - CONTROL NUMBER IDENTIFIER
control field AR-UNSa-BCEJYS
040 ## - CATALOGING SOURCE
Original cataloging agency AR-UNSa-BCEJYS
Language of cataloging spa
Transcribing agency AR-UNSa-BCEJYS
080 ## - UNIVERSAL DECIMAL CLASSIFICATION NUMBER
Universal Decimal Classification number 510
Common auxiliary subdivision Consideraciones fundamentales y generales de las matemáticas<br/>
041 ## - LANGUAGE CODE
Language code of text/sound track or separate title spa
100 1# - MAIN ENTRY--PERSONAL NAME
Personal name Faure, R.
245 10 - TITLE STATEMENT
Title Matemática moderna
264 #1 - PRODUCTION, PUBLICATION, DISTRIBUTION, MANUFACTURE, AND COPYRIGHT NOTICE
Place of production, publication, distribution, manufacture Madrid :
Name of producer, publisher, distributor, manufacturer Paraninfo
Date of production, publication, distribution, manufacture, or copyright notice 1969
300 ## - PHYSICAL DESCRIPTION
Extent 357 p.
Dimensions 22 cm.
505 ## - FORMATTED CONTENTS NOTE
Formatted contents note Primera Parte: Elementos de matemáticas modernas – Segunda Parte: Elementos de algebra – Tercera Parte: Los números – Cuarta Parte: Algebra lineal – Quinta Parte: Algebra multilineal – Sexta Parte: Polinomios – Séptima Parte: Reducción de una aplicación lineal – Octava Parte: Reducción de una aplicación lineal – Novena Parte: Familia sumables. Series – Décima Parte: Diferenciales – Undécima Parte: Integrales – Duodécima Parte: Grafos – Decimotercera Parte: Programas lineales – Decimocuarta Parte: Programas dinámicos – Decimoquinta Parte: Juegos de estrategia – Decimosexta Parte: Procesos estocásticos – Decimoséptima Parte: Análisis por un método de simulación – Decimoctava Parte: Tablas y ábacos –
590 ## - LOCAL NOTE (RLIN)
Local note niveau_biblio:m niveau_hierar:0
700 1# - ADDED ENTRY--PERSONAL NAME
Personal name Kaufmann, Albert
700 1# - ADDED ENTRY--PERSONAL NAME
Personal name Denis-Papin, Maurice
942 ## - ADDED ENTRY ELEMENTS (KOHA)
Koha item type
Existencias
Withdrawn status Lost status Damaged status Not for loan Home library Current library Shelving location Date acquired Total checkouts Full call number Barcode Date last seen Price effective from Koha item type
        Biblioteca Prof. Eusebio Cleto del Rey Biblioteca Prof. Eusebio Cleto del Rey   07/04/2026   510 F265 L24559 07/04/2026 07/04/2026 Libro
        Biblioteca Prof. Eusebio Cleto del Rey Biblioteca Prof. Eusebio Cleto del Rey   07/04/2026   510 F265 L24560 07/04/2026 07/04/2026 Libro